000 00767nam a22001937a 4500
005 20220506161032.0
008 220506b ||||| |||| 00| 0 eng d
040 _cAL
041 _aTulu
082 _223
_aT894.1
_bANDK
100 _aAndala Gangadhara Shetty ಅಂಡಾಲ ಗಂಗಾಧರ ಶೆಟ್ಟಿ
_934641
245 _aKabithe Araluna Porlu :tulu kabiteda gonchil ಕಬಿತೆ ಅರಳುನ ಪೊರ್ಲು: ತುಳು ಕಬಿತೆದ ಗೊಂಚಿಲ್
260 _aMangaluru
_bNamratha prakashana ನಮ್ರತ ಪ್ರಕಾಶನ
_c2002
300 _ax,44 p.
_bPB
_c21x14 cm.
365 _c
_d₹30.00
650 _aA collections of tulu poems
_934642
700 _aANDALA GANGADHARA SHETTY
_934643
942 _2ddc
_cGF
999 _c222820
_d222820